000 00208nam a22000857a 4500
008 161130b xxu||||| |||| 00| 0 eng d
100 _91622
_aGupta,V.P
245 _aMathematics-II
260 _aNew Delhi
_bNCERT
_c2003
999 _c4336
_d4336